What year did these WW2 events happen? - Statistics

General Stats
  • This quiz has been taken 64 times
  • The average score is 19 of 20
Answer Stats
Hint Answer % Correct
Attack on Pearl Harbor 1941
100%
D-Day 1944
100%
Atomic Bombing of Hiroshima and Nagasaki 1945
100%
Germany surrenders 1945
100%
German Invasion of Poland 1939
98%
Battle of Stalingrad 1942
98%
Winter War 1939
96%
Italy switches sides 1943
96%
Germany invades Denmark in 6 hours 1940
95%
Japan Surrenders 1945
95%
Evacuation at Dunkirk 1940
93%
Japan attempts to invade Alaska 1942
93%
Japanese invasion of China 1937
91%
Italy fails to invade Greece 1940
91%
Start of Operation Barbarossa 1941
91%
Japan fails to bomb Oregon 1942
91%
USSR and UK occupy Iran 1941
89%
Battle of Midway 1942
89%
Allied troops cross the Rhine River 1945
89%
Battle of Leyte Gulf 1944
87%
No matching quizzes found
Score Distribution
Percent of People with Each Score
Percentile by Number Answered
Your Score History
You have not taken this quiz